[Event "2. Bundesliga Mitte 2016/2017"]
[Site "Leoben, Wolfsberg/Taufkirchen/Fuerstenfeld, Grieskirchen, St. Veit"]
[Date "2017.01.28"]
[Round "7"]
[Board "1"]
[White "Horvath, Adam"]
[Black "Schachinger, Mario"]
[Result "1-0"]
[WhiteElo "2478"]
[BlackElo "2425"]
[PlyCount "81"]
[EventDate "2016.10.07"]
[EventType "team"]
[EventRounds "11"]
[EventCountry "AUT"]
[WhiteTeam "RbEJ Gleisdorf"]
[BlackTeam "SC MPOE Maria Saal 2"]

1. e4 c5 2. Nf3 e6 3. d4 cxd4 4. Nxd4 Nc6 5. Nc3 Qc7 6. Be2 Nf6 7. Be3 a6 8.
O-O Bb4 9. Nxc6 bxc6 10. Qd4 c5 11. Qc4 Bb7 12. a3 Bxc3 13. Qxc3 O-O 14. f3 d5
15. Qxc5 Qxc5 16. Bxc5 Rfc8 17. b4 Nd7 18. Bd4 e5 19. Bf2 Rxc2 20. Bd1 Rc3 21.
Ba4 Nf8 22. exd5 Bxd5 23. Rfc1 Rac8 24. Rxc3 Rxc3 25. Be1 Rd3 26. Bc2 Rd4 27.
Bf2 Rd2 28. Rc1 Be6 29. a4 Ng6 30. g3 h5 31. b5 axb5 32. axb5 Bd5 33. Be4 Bxe4
34. fxe4 Rb2 35. b6 h4 36. Rc7 h3 37. Kf1 Nf8 38. b7 Kh7 39. Ba7 Rb1+ 40. Kf2
Rb2+ 41. Kf3 1-0

[Event "2. Bundesliga Mitte 2016/2017"]
[Site "Leoben, Wolfsberg/Taufkirchen/Fuerstenfeld, Grieskirchen, St. Veit"]
[Date "2017.01.28"]
[Round "7"]
[Board "2"]
[White "Handler, Lukas"]
[Black "Heinemann, Thies"]
[Result "0-1"]
[WhiteElo "2377"]
[BlackElo "2461"]
[PlyCount "64"]
[EventDate "2016.10.07"]
[EventType "team"]
[EventRounds "11"]
[EventCountry "AUT"]
[WhiteTeam "SC MPOE Maria Saal 2"]
[BlackTeam "RbEJ Gleisdorf"]

1. d4 Nf6 2. c4 e6 3. Nf3 b6 4. g3 Ba6 5. Qc2 Bb4+ 6. Bd2 Be7 7. e4 d5 8. cxd5
Bxf1 9. Kxf1 exd5 10. e5 Ne4 11. Nc3 Nxd2+ 12. Qxd2 Nc6 13. Kg2 Qd7 14. h4 Nd8
15. Ne2 Ne6 16. Rac1 Rc8 17. Qd3 O-O 18. Ng5 Bxg5 19. hxg5 Nxg5 20. Rh5 f6 21.
Rch1 g6 22. Rh6 fxe5 23. dxe5 Rf3 24. Qd4 Rcf8 25. Nf4 c5 26. Qd1 d4 27. R1h4
Qc6 28. Kg1 Qe4 29. Rg4 Rf5 30. e6 Nxe6 31. Rhxg6+ hxg6 32. Rxg6+ Ng7 0-1

[Event "2. Bundesliga Mitte 2016/2017"]
[Site "Leoben, Wolfsberg/Taufkirchen/Fuerstenfeld, Grieskirchen, St. Veit"]
[Date "2017.01.28"]
[Round "7"]
[Board "3"]
[White "Wegerer, Fred"]
[Black "Halvax, Georg"]
[Result "0-1"]
[WhiteElo "2077"]
[BlackElo "2429"]
[PlyCount "78"]
[EventDate "2016.10.07"]
[EventType "team"]
[EventRounds "11"]
[EventCountry "AUT"]
[WhiteTeam "RbEJ Gleisdorf"]
[BlackTeam "SC MPOE Maria Saal 2"]

1. Nf3 Nf6 2. b3 d5 3. e3 g6 4. Bb2 Bg7 5. Be2 O-O 6. c4 b6 7. cxd5 Qxd5 8. Nc3
Qb7 9. d4 Na6 10. Ne5 Be6 11. O-O Rfd8 12. Bf3 Nd5 13. Qe2 Nab4 14. Rfc1 c6 15.
a3 Nxc3 16. Rxc3 Nd5 17. Rc2 Rac8 18. Rac1 Bxe5 19. dxe5 c5 20. b4 cxb4 21.
axb4 Qd7 22. Bxd5 Bxd5 23. f4 Rxc2 24. Qxc2 Bb7 25. Bd4 Qd5 26. Qe2 Bc6 27. h4
h5 28. Kh2 e6 29. Ra1 Rd7 30. Kh3 Kg7 31. Qf2 Kh7 32. Rg1 Qb3 33. Rc1 Bb7 34.
Qg3 Bxg2+ 35. Kxg2 Rxd4 36. Rc7 Rd2+ 37. Kh3 Qb1 38. Qf3 Qg1 39. Rxf7+ Kh6 0-1

[Event "2. Bundesliga Mitte 2016/2017"]
[Site "Leoben, Wolfsberg/Taufkirchen/Fuerstenfeld, Grieskirchen, St. Veit"]
[Date "2017.01.28"]
[Round "7"]
[Board "4"]
[White "Tomazini, Zan"]
[Black "Frosch, Ronald"]
[Result "1/2-1/2"]
[WhiteElo "2389"]
[BlackElo "2273"]
[PlyCount "82"]
[EventDate "2016.10.07"]
[EventType "team"]
[EventRounds "11"]
[EventCountry "AUT"]
[WhiteTeam "SC MPOE Maria Saal 2"]
[BlackTeam "RbEJ Gleisdorf"]

1. e4 c6 2. d4 d5 3. e5 Bf5 4. Nd2 e6 5. Nb3 Nd7 6. Nf3 h6 7. a4 Qc7 8. Be3 Ne7
9. a5 g5 10. Be2 Ng6 11. O-O f6 12. exf6 Bd6 13. f7+ Kxf7 14. h3 Rag8 15. Ne1
Bf4 16. Bh5 Ke7 17. Qe2 Nf6 18. Bxg6 Rxg6 19. g4 Be4 20. f3 Bxe3+ 21. Qxe3 Qg3+
22. Ng2 Bxc2 23. Nc5 Nd7 24. Qc3 Rf6 25. Qxc2 h5 26. Ra3 Qxh3 27. Nxd7 hxg4 28.
Nxf6 g3 29. Nxd5+ cxd5 30. Qc7+ Ke8 31. Qc8+ Kf7 32. Qc7+ Kg6 33. Nf4+ gxf4 34.
Qc2+ Kg5 35. Qg2 Qf5 36. Qe2 Qh3 37. Qg2 Qf5 38. Re1 Kf6 39. Qe2 Qh3 40. Qg2
Qf5 41. Qe2 Qh3 1/2-1/2

[Event "2. Bundesliga Mitte 2016/2017"]
[Site "Leoben, Wolfsberg/Taufkirchen/Fuerstenfeld, Grieskirchen, St. Veit"]
[Date "2017.01.28"]
[Round "7"]
[Board "5"]
[White "Manhardt, Thomas"]
[Black "Rieger, Robert"]
[Result "1-0"]
[WhiteElo "2226"]
[BlackElo "2320"]
[PlyCount "61"]
[EventDate "2016.10.07"]
[EventType "team"]
[EventRounds "11"]
[EventCountry "AUT"]
[WhiteTeam "RbEJ Gleisdorf"]
[BlackTeam "SC MPOE Maria Saal 2"]

1. e4 c5 2. Nf3 Nc6 3. d4 cxd4 4. Nxd4 Nf6 5. Nc3 e5 6. Ndb5 d6 7. Bg5 a6 8.
Na3 b5 9. Nd5 Be7 10. Bxf6 Bxf6 11. c4 b4 12. Nc2 a5 13. g3 Bg5 14. Bg2 O-O 15.
h4 Bh6 16. O-O Be6 17. Qd3 Qb8 18. b3 Bxd5 19. Qxd5 Qb6 20. Rfd1 Rfd8 21. Bh3
a4 22. Qb5 Qc7 23. c5 Ra5 24. cxd6 Rxd6 25. Qc4 Bd2 26. Bg4 g6 27. bxa4 Bc3 28.
Rab1 h5 29. Be2 Rxd1+ 30. Rxd1 Qb6 31. Rd7 1-0

[Event "2. Bundesliga Mitte 2016/2017"]
[Site "Leoben, Wolfsberg/Taufkirchen/Fuerstenfeld, Grieskirchen, St. Veit"]
[Date "2017.01.28"]
[Round "7"]
[Board "6"]
[White "Tomazini, Aljosa"]
[Black "Watzka, Horst"]
[Result "1-0"]
[WhiteElo "2387"]
[BlackElo "2165"]
[PlyCount "65"]
[EventDate "2016.10.07"]
[EventType "team"]
[EventRounds "11"]
[EventCountry "AUT"]
[WhiteTeam "SC MPOE Maria Saal 2"]
[BlackTeam "RbEJ Gleisdorf"]

1. d4 Nf6 2. c4 e6 3. Nf3 Bb4+ 4. Nbd2 b6 5. a3 Bxd2+ 6. Qxd2 Bb7 7. e3 d6 8.
Be2 Nbd7 9. b4 Qe7 10. Bb2 O-O 11. O-O e5 12. d5 Rfe8 13. Qc2 Rac8 14. Rfd1 c6
15. dxc6 Bxc6 16. Qd2 Ne4 17. Qe1 Ndf6 18. Nd2 Nxd2 19. Qxd2 Ne4 20. Qe1 Qg5
21. Bf1 Qg6 22. f3 Ng5 23. Qg3 f5 24. Kh1 Qh6 25. c5 dxc5 26. Bxe5 Nf7 27. Bc4
Qg6 28. Qf4 Kh8 29. Bb2 b5 30. Bd3 Bd7 31. Bf1 Re7 32. bxc5 Rxc5 33. Qb4 1-0

[Event "2. Bundesliga Mitte 2016/2017"]
[Site "Leoben, Wolfsberg/Taufkirchen/Fuerstenfeld, Grieskirchen, St. Veit"]
[Date "2017.01.28"]
[Round "7"]
[Board "1"]
[White "Reichmann, Egon"]
[Black "Schenk, Andreas"]
[Result "1/2-1/2"]
[WhiteElo "2266"]
[BlackElo "2457"]
[PlyCount "67"]
[EventDate "2016.10.07"]
[EventType "team"]
[EventRounds "11"]
[EventCountry "AUT"]
[WhiteTeam "SV Wolfsberg"]
[BlackTeam "SPG Spk. Fuerstenfeld/Hartberg"]

1. e4 e6 2. d4 d5 3. e5 c5 4. c3 Nc6 5. Nf3 Qb6 6. a3 Nh6 7. b4 cxd4 8. Bxh6
gxh6 9. cxd4 Bd7 10. Ra2 Rg8 11. g3 Rg4 12. Rd2 a5 13. b5 Re4+ 14. Be2 Qxb5 15.
O-O Qb6 16. Bd3 Rg4 17. Bxh7 Be7 18. Bc2 h5 19. h3 Rg8 20. Kh2 Rc8 21. Re1 Qa7
22. Ba4 Qa6 23. Rb2 Na7 24. Rc2 b5 25. Rxc8+ Bxc8 26. Bc2 Qb6 27. Qd3 Rh8 28.
Rc1 Bd7 29. Qd1 h4 30. g4 Nc6 31. g5 a4 32. Qd2 Na5 33. Qf4 Nc4 34. Nxh4
 1/2-1/2

[Event "2. Bundesliga Mitte 2016/2017"]
[Site "Leoben, Wolfsberg/Taufkirchen/Fuerstenfeld, Grieskirchen, St. Veit"]
[Date "2017.01.28"]
[Round "7"]
[Board "2"]
[White "Poetz, Florian"]
[Black "Toefferl, Heimo"]
[Result "1-0"]
[WhiteElo "2385"]
[BlackElo "2096"]
[PlyCount "69"]
[EventDate "2016.10.07"]
[EventType "team"]
[EventRounds "11"]
[EventCountry "AUT"]
[WhiteTeam "SPG Spk. Fuerstenfeld/Hartberg"]
[BlackTeam "SV Wolfsberg"]

1. e4 e6 2. d4 d5 3. Nc3 Bb4 4. e5 b6 5. a3 Bf8 6. Nf3 Qd7 7. b4 Bb7 8. Rb1 Ne7
9. Bd3 h6 10. h4 g6 11. h5 g5 12. Nh2 Nf5 13. Ng4 Be7 14. Ne2 Nc6 15. c3 O-O-O
16. Ng3 Ng7 17. f4 Rdg8 18. fxg5 hxg5 19. O-O Nd8 20. h6 Ne8 21. Nh5 a6 22. h7
Rg6 23. Rxf7 Nxf7 24. Bxg6 Nd8 25. Qd3 Kb8 26. Be3 Ka7 27. Qd2 Nc6 28. Rf1 Bd8
29. Rf7 Qc8 30. Bxg5 Bxg5 31. Qxg5 Nd8 32. Re7 Nc6 33. Rxe8 Rxe8 34. Bxe8 Qxe8
35. Nhf6 1-0

[Event "2. Bundesliga Mitte 2016/2017"]
[Site "Leoben, Wolfsberg/Taufkirchen/Fuerstenfeld, Grieskirchen, St. Veit"]
[Date "2017.01.28"]
[Round "7"]
[Board "3"]
[White "Kerschbaumer, Johannes"]
[Black "Kuba, Guenter"]
[Result "1/2-1/2"]
[WhiteElo "2069"]
[BlackElo "2329"]
[PlyCount "59"]
[EventDate "2016.10.07"]
[EventType "team"]
[EventRounds "11"]
[EventCountry "AUT"]
[WhiteTeam "SV Wolfsberg"]
[BlackTeam "SPG Spk. Fuerstenfeld/Hartberg"]

1. c4 e5 2. g3 Nf6 3. Bg2 h6 4. Nc3 Bb4 5. Nf3 Bxc3 6. bxc3 e4 7. Nd4 O-O 8.
O-O Re8 9. f3 c5 10. Nc2 d5 11. cxd5 exf3 12. Bxf3 Nxd5 13. c4 Nb6 14. d3 Nc6
15. a4 Nd4 16. Bb2 Nxf3+ 17. Rxf3 Bg4 18. Re3 Qg5 19. Qd2 Rxe3 20. Qxe3 Qxe3+
21. Nxe3 Bxe2 22. a5 Nd7 23. Kf2 Bh5 24. Ra3 Rb8 25. d4 Re8 26. Rb3 b6 27. axb6
axb6 28. d5 Ra8 29. g4 Bg6 30. h3 1/2-1/2

[Event "2. Bundesliga Mitte 2016/2017"]
[Site "Leoben, Wolfsberg/Taufkirchen/Fuerstenfeld, Grieskirchen, St. Veit"]
[Date "2017.01.28"]
[Round "7"]
[Board "4"]
[White "Kiss, Attila"]
[Black "Schoenangerer, Herbert"]
[Result "1/2-1/2"]
[WhiteElo "2366"]
[BlackElo "2097"]
[PlyCount "51"]
[EventDate "2016.10.07"]
[EventType "team"]
[EventRounds "11"]
[EventCountry "AUT"]
[WhiteTeam "SPG Spk. Fuerstenfeld/Hartberg"]
[BlackTeam "SV Wolfsberg"]

1. d4 d5 2. c4 e6 3. Nf3 Nf6 4. g3 Be7 5. Bg2 O-O 6. O-O b6 7. Nc3 Bb7 8. cxd5
exd5 9. Qc2 Nbd7 10. Rd1 a6 11. Bf4 Rc8 12. Rac1 Nh5 13. Qb3 Nxf4 14. gxf4 Nf6
15. e3 Qd7 16. Ne5 Qe6 17. a3 Rfd8 18. Rd2 Bd6 19. Rcd1 g6 20. Rc1 Kg7 21. Rcd1
Be7 22. Rc1 Bd6 23. Rcd1 Be7 24. Rc1 Bd6 25. Rcd1 Be7 26. Rc1 1/2-1/2

[Event "2. Bundesliga Mitte 2016/2017"]
[Site "Leoben, Wolfsberg/Taufkirchen/Fuerstenfeld, Grieskirchen, St. Veit"]
[Date "2017.01.28"]
[Round "7"]
[Board "5"]
[White "Huber, Mario"]
[Black "Csonka, Attila"]
[Result "1/2-1/2"]
[WhiteElo "1987"]
[BlackElo "2346"]
[PlyCount "89"]
[EventDate "2016.10.07"]
[EventType "team"]
[EventRounds "11"]
[EventCountry "AUT"]
[WhiteTeam "SV Wolfsberg"]
[BlackTeam "SPG Spk. Fuerstenfeld/Hartberg"]

1. c4 e5 2. Nc3 Nf6 3. e4 Bc5 4. g3 d6 5. h3 Nc6 6. Bg2 Be6 7. d3 h6 8. Nge2 a6
9. O-O Nh7 10. Kh2 g5 11. f4 Rg8 12. f5 Bd7 13. a3 Nf6 14. Nd5 Nxd5 15. cxd5
Nd4 16. Rb1 a5 17. Be3 a4 18. Nxd4 exd4 19. Bf2 Qe7 20. Re1 Qe5 21. Bf3 f6 22.
Kg2 Kf7 23. Bh5+ Kg7 24. Rc1 Be8 25. Bxe8 Qxe8 26. b4 axb3 27. Qxb3 b6 28. Qb2
Qa4 29. Rc4 Qxa3 30. Bxd4 Qxb2+ 31. Bxb2 Ra2 32. Re2 b5 33. Rcc2 Ra4 34. d4 Bb6
35. e5 Rf8 36. e6 h5 37. Re3 Rfa8 38. Ree2 Kf8 39. Kf3 Ke7 40. Red2 Rb4 41. g4
h4 42. Ke4 Raa4 43. Rd3 Ke8 44. Rcd2 Ke7 45. Rc2 1/2-1/2

[Event "2. Bundesliga Mitte 2016/2017"]
[Site "Leoben, Wolfsberg/Taufkirchen/Fuerstenfeld, Grieskirchen, St. Veit"]
[Date "2017.01.28"]
[Round "7"]
[Board "6"]
[White "Stradner, Stefan"]
[Black "Heindl, Matthias"]
[Result "0-1"]
[WhiteElo "2168"]
[BlackElo "2106"]
[PlyCount "92"]
[EventDate "2016.10.07"]
[EventType "team"]
[EventRounds "11"]
[EventCountry "AUT"]
[WhiteTeam "SPG Spk. Fuerstenfeld/Hartberg"]
[BlackTeam "SV Wolfsberg"]

1. Nf3 Nf6 2. c4 g6 3. g3 Bg7 4. Bg2 O-O 5. O-O d5 6. cxd5 Nxd5 7. Nc3 Nb6 8.
d3 Nc6 9. Bd2 Bd7 10. Rb1 a5 11. Ne4 Nb4 12. a3 N4d5 13. Nc5 Bc6 14. e4 Nf6 15.
Ne5 Qd6 16. Nxc6 Qxc6 17. Rc1 Nfd7 18. b4 Bb2 19. Nxd7 Qxd7 20. Rb1 Bxa3 21.
bxa5 Nc8 22. Rxb7 e5 23. Rb3 Bc5 24. Qc2 Bd4 25. Kh1 Na7 26. Rc1 c5 27. Rcb1
Nc6 28. Qa2 Ra7 29. Bh6 Rfa8 30. Qd2 Nb4 31. Qg5 Qd8 32. Qc1 Bxf2 33. Qc4 Rxa5
34. Rf1 Qd4 35. Qxd4 Bxd4 36. Bd2 Ra2 37. Bxb4 cxb4 38. Rxb4 R8a7 39. h4 Rd2
40. h5 Raa2 41. h6 f5 42. Rb8+ Kf7 43. exf5 Rxg2 44. fxg6+ Ke6 45. Re8+ Kd7 46.
gxh7 Rh2# 0-1

[Event "2. Bundesliga Mitte 2016/2017"]
[Site "Leoben, Wolfsberg/Taufkirchen/Fuerstenfeld, Grieskirchen, St. Veit"]
[Date "2017.01.28"]
[Round "7"]
[Board "1"]
[White "Pilaj, Herwig"]
[Black "Nemeth, Miklos"]
[Result "1/2-1/2"]
[WhiteElo "2390"]
[BlackElo "2452"]
[PlyCount "73"]
[EventDate "2016.10.07"]
[EventType "team"]
[EventRounds "11"]
[EventCountry "AUT"]
[WhiteTeam "SC DieKlagenfurter"]
[BlackTeam "Leoben"]

1. g3 e5 2. c4 Nf6 3. Bg2 d5 4. cxd5 Nxd5 5. Nf3 Nc6 6. d3 Be7 7. O-O O-O 8. a3
Re8 9. b4 a5 10. e4 Nb6 11. b5 Nd4 12. Nxe5 Bf6 13. f4 Bxe5 14. fxe5 Rxe5 15.
Nc3 Be6 16. Bb2 Qd7 17. Nd5 Bxd5 18. Bxd4 Bb3 19. Qxb3 Qxd4+ 20. Kh1 Re7 21.
Rac1 a4 22. Qc3 Rd8 23. Qxd4 Rxd4 24. Rc3 Red7 25. Rd1 Rc4 26. Rdc1 Rxc3 27.
Rxc3 f6 28. Kg1 Kf8 29. Kf2 Re7 30. Bh3 Ke8 31. Kf3 Kd8 32. d4 g6 33. Rc5 Re8
34. Kf4 Re7 35. Kf3 Re8 36. Kf4 Re7 37. Kf3 1/2-1/2

[Event "2. Bundesliga Mitte 2016/2017"]
[Site "Leoben, Wolfsberg/Taufkirchen/Fuerstenfeld, Grieskirchen, St. Veit"]
[Date "2017.01.28"]
[Round "7"]
[Board "2"]
[White "Baumegger, Siegfried"]
[Black "Wertjanz, David"]
[Result "1-0"]
[WhiteElo "2444"]
[BlackElo "2298"]
[PlyCount "79"]
[EventDate "2016.10.07"]
[EventType "team"]
[EventRounds "11"]
[EventCountry "AUT"]
[WhiteTeam "Leoben"]
[BlackTeam "SC DieKlagenfurter"]

1. c4 Nf6 2. g3 e6 3. Bg2 d5 4. Nf3 dxc4 5. Qa4+ c6 6. Qxc4 b5 7. Qb3 Bb7 8.
O-O Nbd7 9. d4 Be7 10. Nc3 O-O 11. Rd1 Qc7 12. Bf4 Bd6 13. Bxd6 Qxd6 14. e4 Qe7
15. e5 Nd5 16. Ne4 a5 17. Rac1 N7b6 18. Qc2 Nb4 19. Qb1 h6 20. Nfd2 Rfd8 21.
Nb3 N6d5 22. Nbc5 Na6 23. Nd6 Nxc5 24. dxc5 Ba6 25. Qe4 b4 26. Qd4 Qg5 27. f4
Qg4 28. Rd2 h5 29. Bxd5 exd5 30. f5 Qg5 31. Re1 Ra7 32. Qf4 Qxf4 33. gxf4 Re7
34. Kf2 Kh7 35. Ke3 Bc8 36. Rg1 g6 37. Nxf7 d4+ 38. Rxd4 Rxd4 39. fxg6+ Kg7 40.
Kxd4 1-0

[Event "2. Bundesliga Mitte 2016/2017"]
[Site "Leoben, Wolfsberg/Taufkirchen/Fuerstenfeld, Grieskirchen, St. Veit"]
[Date "2017.01.28"]
[Round "7"]
[Board "3"]
[White "Genser, Harald"]
[Black "Enoeckl, Philipp"]
[Result "1/2-1/2"]
[WhiteElo "2304"]
[BlackElo "2289"]
[PlyCount "46"]
[EventDate "2016.10.07"]
[EventType "team"]
[EventRounds "11"]
[EventCountry "AUT"]
[WhiteTeam "SC DieKlagenfurter"]
[BlackTeam "Leoben"]

1. d4 Nf6 2. c4 g6 3. Nc3 Bg7 4. e4 d6 5. Nf3 O-O 6. Be2 e5 7. O-O Nc6 8. d5
Ne7 9. Ne1 Nd7 10. Nd3 f5 11. f3 f4 12. Bd2 g5 13. Rc1 c5 14. a3 Nf6 15. b4 b6
16. bxc5 bxc5 17. Nf2 h5 18. h3 Rf7 19. Qa4 Bd7 20. Qa6 Bc8 21. Qa4 Bd7 22. Qa6
Bc8 23. Qa4 Bd7 1/2-1/2

[Event "2. Bundesliga Mitte 2016/2017"]
[Site "Leoben, Wolfsberg/Taufkirchen/Fuerstenfeld, Grieskirchen, St. Veit"]
[Date "2017.01.28"]
[Round "7"]
[Board "4"]
[White "Dietmayer-Kraeutler, Marco"]
[Black "Petschar, Kurt"]
[Result "1-0"]
[WhiteElo "2244"]
[BlackElo "2288"]
[PlyCount "41"]
[EventDate "2016.10.07"]
[EventType "team"]
[EventRounds "11"]
[EventCountry "AUT"]
[WhiteTeam "Leoben"]
[BlackTeam "SC DieKlagenfurter"]

1. d4 d5 2. c4 c6 3. Nf3 Nf6 4. Nc3 a6 5. Bg5 e6 6. e3 Nbd7 7. Qc2 Qa5 8. Bd3
dxc4 9. Bxc4 Bd6 10. O-O O-O 11. Rad1 e5 12. dxe5 Nxe5 13. Bxf6 Nxc4 14. Ne4
gxf6 15. Nxf6+ Kg7 16. Qxc4 Be7 17. Nd7 Bxd7 18. Rxd7 Bf6 19. Rxb7 Rab8 20. b4
Qa4 21. Qg4+ 1-0

[Event "2. Bundesliga Mitte 2016/2017"]
[Site "Leoben, Wolfsberg/Taufkirchen/Fuerstenfeld, Grieskirchen, St. Veit"]
[Date "2017.01.28"]
[Round "7"]
[Board "5"]
[White "Titz, Heimo"]
[Black "Sandner, Wolfgang"]
[Result "1/2-1/2"]
[WhiteElo "2172"]
[BlackElo "2256"]
[PlyCount "99"]
[EventDate "2016.10.07"]
[EventType "team"]
[EventRounds "11"]
[EventCountry "AUT"]
[WhiteTeam "SC DieKlagenfurter"]
[BlackTeam "Leoben"]

1. c4 e5 2. g3 Nc6 3. Bg2 Nf6 4. d3 Bc5 5. Nf3 d6 6. Nc3 a6 7. O-O O-O 8. Bg5
h6 9. Bxf6 Qxf6 10. Nd5 Qd8 11. Rb1 Ne7 12. b4 Ba7 13. e3 Be6 14. Nd2 c6 15.
Nxe7+ Qxe7 16. b5 axb5 17. cxb5 d5 18. bxc6 bxc6 19. Qc2 Rfc8 20. Nf3 Bb8 21.
d4 e4 22. Nd2 Bd6 23. Nb3 Qa7 24. Rb2 Ba3 25. Rbb1 Qa4 26. Rfe1 Bb4 27. Rec1
Ba3 28. Rf1 Rc7 29. h3 Bc8 30. Rfe1 Bb4 31. Rec1 Ba6 32. Bf1 Bxf1 33. Kxf1 Ba3
34. Re1 Rca7 35. Re2 Rb7 36. Kg2 Rb4 37. Qd1 Rc4 38. Rc2 Rxc2 39. Qxc2 Ra6 40.
Re1 Rb6 41. Re2 Qa6 42. Qd1 Qa4 43. Rc2 g6 44. Qg4 Bf8 45. h4 h5 46. Qe2 Qa8
47. Nc5 Bxc5 48. Rxc5 Ra6 49. Rc2 Kg7 50. Qd2 1/2-1/2

[Event "2. Bundesliga Mitte 2016/2017"]
[Site "Leoben, Wolfsberg/Taufkirchen/Fuerstenfeld, Grieskirchen, St. Veit"]
[Date "2017.01.28"]
[Round "7"]
[Board "6"]
[White "Bachler, Reinhard"]
[Black "Jakits, Leopold"]
[Result "1-0"]
[WhiteElo "2182"]
[BlackElo "2135"]
[PlyCount "81"]
[EventDate "2016.10.07"]
[EventType "team"]
[EventRounds "11"]
[EventCountry "AUT"]
[WhiteTeam "Leoben"]
[BlackTeam "SC DieKlagenfurter"]

1. c4 Nf6 2. g3 e5 3. Bg2 d5 4. cxd5 Nxd5 5. Qb3 Nb6 6. d3 Bd6 7. Nf3 Nc6 8.
O-O Be6 9. Qd1 f6 10. Nc3 O-O 11. Be3 Re8 12. Ne4 Nd5 13. Nxd6 Qxd6 14. Bd2 Nd4
15. Nxd4 exd4 16. Rc1 c6 17. a3 f5 18. Qc2 f4 19. Be4 fxg3 20. hxg3 Ne3 21.
Bxe3 dxe3 22. f4 Bh3 23. Rf3 g5 24. Qc5 Qxc5 25. Rxc5 gxf4 26. Rh5 Be6 27. gxf4
Re7 28. Rxe3 Rg7+ 29. Rg5 Re8 30. Reg3 Ree7 31. Kf2 Kf8 32. Rxg7 Rxg7 33. Rxg7
Kxg7 34. f5 Bd7 35. Kg3 Kf6 36. Kf4 b6 37. d4 a5 38. Bd3 c5 39. dxc5 bxc5 40.
e4 Ba4 41. e5+ 1-0

[Event "2. Bundesliga Mitte 2016/2017"]
[Site "Leoben, Wolfsberg/Taufkirchen/Fuerstenfeld, Grieskirchen, St. Veit"]
[Date "2017.01.29"]
[Round "8"]
[Board "1"]
[White "Haba, Petr"]
[Black "Fahrner, Kurt"]
[Result "1-0"]
[WhiteElo "2457"]
[BlackElo "2276"]
[PlyCount "49"]
[EventDate "2016.10.07"]
[EventType "team"]
[EventRounds "11"]
[EventCountry "AUT"]
[WhiteTeam "Spg. Grieskirchen/Schallerbach"]
[BlackTeam "ESV Austria Graz"]

1. d4 g6 2. e4 Bg7 3. Nc3 d5 4. exd5 Nf6 5. Bc4 Nbd7 6. Nf3 Nb6 7. Bb3 O-O 8.
O-O Nbxd5 9. Nxd5 Nxd5 10. Re1 c6 11. h3 Bf5 12. c3 Qd6 13. Bg5 h6 14. Bh4 Rae8
15. Qd2 Qf4 16. Qxf4 Nxf4 17. Bxe7 Nd3 18. Re3 Nxb2 19. Bxf8 Rxe3 20. fxe3 Kxf8
21. Rf1 Ke7 22. Nh4 Be6 23. Rb1 Nc4 24. Bxc4 Bxc4 25. Rxb7+ 1-0

[Event "2. Bundesliga Mitte 2016/2017"]
[Site "Leoben, Wolfsberg/Taufkirchen/Fuerstenfeld, Grieskirchen, St. Veit"]
[Date "2017.01.29"]
[Round "8"]
[Board "2"]
[White "Karner, Christoph"]
[Black "Kilgus, Georg"]
[Result "0-1"]
[WhiteElo "2283"]
[BlackElo "2391"]
[PlyCount "68"]
[EventDate "2016.10.07"]
[EventType "team"]
[EventRounds "11"]
[EventCountry "AUT"]
[WhiteTeam "ESV Austria Graz"]
[BlackTeam "Spg. Grieskirchen/Schallerbach"]

1. e4 e6 2. d4 d5 3. Nd2 c5 4. Ngf3 cxd4 5. Nxd4 Nc6 6. Bb5 Bd7 7. Nxc6 bxc6 8.
Bd3 Bd6 9. Qe2 Qc7 10. Nf3 dxe4 11. Qxe4 Nf6 12. Qh4 c5 13. O-O Bc6 14. Ng5 h6
15. Re1 Bxh2+ 16. Kh1 Bd6 17. Nxe6 fxe6 18. Rxe6+ Kd8 19. Rxf6 Be7 20. Bf4 Qd7
21. Qh5 Bxf6 22. Rd1 Bd4 23. c3 Rf8 24. Bg3 Qd5 25. Qh2 a5 26. f3 Rxf3 27. cxd4
Rxg3 28. Be4 Qg5 29. Bxc6 Ra6 30. dxc5+ Kc7 31. Bf3 Rf6 32. Rd3 Rf4 33. Be2 Rh4
34. Rxg3 Qxg3 0-1

[Event "2. Bundesliga Mitte 2016/2017"]
[Site "Leoben, Wolfsberg/Taufkirchen/Fuerstenfeld, Grieskirchen, St. Veit"]
[Date "2017.01.29"]
[Round "8"]
[Board "3"]
[White "Schwabeneder, Florian"]
[Black "Kotz, Heinz Peter"]
[Result "1-0"]
[WhiteElo "2362"]
[BlackElo "2267"]
[PlyCount "83"]
[EventDate "2016.10.07"]
[EventType "team"]
[EventRounds "11"]
[EventCountry "AUT"]
[WhiteTeam "Spg. Grieskirchen/Schallerbach"]
[BlackTeam "ESV Austria Graz"]

1. e4 e5 2. Nf3 Nc6 3. Bb5 a6 4. Ba4 Nf6 5. O-O Nxe4 6. d4 b5 7. Bb3 d5 8. dxe5
Be6 9. Qe2 Be7 10. Rd1 O-O 11. c4 bxc4 12. Bxc4 Qd7 13. Nc3 Nxc3 14. bxc3 Rfd8
15. Bxa6 Bg4 16. Bb5 Qe6 17. Re1 Bc5 18. Bf4 Ne7 19. a4 Bb6 20. Bd3 h6 21. Bd2
Re8 22. h3 Bh5 23. g4 Bg6 24. Nd4 Qd7 25. Bb5 c6 26. Bd3 c5 27. Bb5 Qc7 28. a5
Ba7 29. Bxe8 cxd4 30. Bb5 dxc3 31. Bf4 d4 32. Qf3 Rb8 33. e6 Qc5 34. exf7+ Bxf7
35. Bxb8 Bxb8 36. Bd3 Bd5 37. Be4 Bc4 38. Rab1 Bc7 39. Rb7 Bd6 40. a6 Bxa6 41.
Rxe7 Bxe7 42. Bd5+ 1-0

[Event "2. Bundesliga Mitte 2016/2017"]
[Site "Leoben, Wolfsberg/Taufkirchen/Fuerstenfeld, Grieskirchen, St. Veit"]
[Date "2017.01.29"]
[Round "8"]
[Board "4"]
[White "Spindelboeck, Gernot"]
[Black "Singer, Christoph"]
[Result "1/2-1/2"]
[WhiteElo "2296"]
[BlackElo "2333"]
[PlyCount "72"]
[EventDate "2016.10.07"]
[EventType "team"]
[EventRounds "11"]
[EventCountry "AUT"]
[WhiteTeam "ESV Austria Graz"]
[BlackTeam "Spg. Grieskirchen/Schallerbach"]

1. d4 d5 2. c4 e6 3. Nf3 Nf6 4. g3 dxc4 5. Bg2 Nc6 6. Qa4 Bb4+ 7. Bd2 Nd5 8.
Bxb4 Ndxb4 9. O-O Rb8 10. Na3 a6 11. Ne5 O-O 12. Nxc6 Nxc6 13. Qxc4 Qxd4 14.
Bxc6 Qxc4 15. Nxc4 bxc6 16. b3 Rb5 17. Rfc1 Rd8 18. Rc2 f6 19. Rac1 e5 20. f3
Bf5 21. Rc3 Be6 22. Kf2 Kf8 23. Ne3 Bd7 24. R1c2 Ke7 25. a4 Rb4 26. Nc4 Rdb8
27. Na5 R8b6 28. Nxc6+ Bxc6 29. Rxc6 Rxc6 30. Rxc6 Kd7 31. Rxa6 Rxb3 32. Ra8
Ke6 33. a5 Ra3 34. a6 Kf7 35. Rc8 Rxa6 36. Rxc7+ Kg6 1/2-1/2